Los enanos / (Record no. 192648)

MARC details
000 -LEADER
campo de control de longitud fija 01007nam a2200301 i 4500
001 - NÚMERO DE CONTROL
campo de control 192648
003 - IDENTIFICADOR DE NÚMERO DE CONTROL
campo de control SpMaBN
005 - FECHA Y HORA DE LA ÚLTIMA TRANSACCIÓN
campo de control 20250804062652.0
008 - DATOS DE LONGITUD FIJA--INFORMACIÓN GENERAL
campo de control de longitud fija 230508s2017 sp 000 f spa
017 ## - NÚMERO DE COPYRIGHT O DE DEPÓSITO LEGAL
Número de copyright o de depósito legal M 5941-2017
Agencia que asigna Oficina Depósito Legal Madrid
020 ## - NÚMERO INTERNACIONAL ESTÁNDAR DEL LIBRO
Número Internacional Estándar del Libro 9788416893614
035 ## - NÚMERO DE CONTROL DEL SISTEMA
Número de control de sistema (OCoLC)1026249112
040 ## - FUENTE DE CATALOGACIÓN
Centro catalogador/agencia de origen SpMaBN
Lengua de catalogación spa
Centro/agencia transcriptor ES-MaACL
Normas de descripción rda
080 ## - NÚMERO DE LA CLASIFICACIÓN DECIMAL UNIVERSAL
Número de la Clasificación Decimal Universal 821.134.2-31"19"
100 1# - ENTRADA PRINCIPAL--NOMBRE DE PERSONA
Nombre de persona Villazón, Ángel,
Fechas asociadas al nombre 1954-
9 (RLIN) 176424
Término indicativo de función/relación Autor
245 14 - MENCIÓN DEL TÍTULO
Título Los enanos /
Mención de responsabilidad, etc. Ángel Villazón Trabanco
250 ## - MENCION DE EDICION
Mención de edición Primera edición: marzo de 2017
260 ## - PUBLICACIÓN, DISTRIBUCIÓN, ETC.
Lugar de publicación, distribución, etc. Tres Cantos (Madrid) :
Nombre del editor, distribuidor, etc. Punto Didot,
Fecha de publicación, distribución, etc. 2017
300 ## - DESCRIPCIÓN FÍSICA
Extensión 85 páginas ;
Dimensiones 21 cm
336 ## - TIPO DE CONTENIDO
Término de tipo de contenido Texto (visual)
Fuente isbdcontent
337 ## - TIPO DE MEDIO
Nombre/término del tipo de medio sin mediación
Fuente isbdmedia
655 #0 - TERMINO DE INDIZACIÓN--GENERO/FORMA
Datos o término principal de género/forma Novelas
9 (RLIN) 234319
852 ## - LOCALIZACIÓN
Ubicación ES-MaACL
Sublocalización o colección R.152464
Número de control de estantería N-8279
Ubicación en estantería Depósito J
Donativo/Legado Donación: Ángel Villazón
itemnumber 199944
903 ## - NOMBRE PERSONAL DE DONANTE
9 176424
a Villazón, Ángel,
d 1954-
e Donante
942 ## - ELEMENTOS DE ENTRADA SECUNDARIOS (KOHA)
Tipo de ítem Koha Libro impreso
Suprimir en OPAC No
Holdings
Estatus retirado Estado de pérdida Fuente del sistema de clasificación o colocación Estado de daño No para préstamo Biblioteca de origen Biblioteca actual Ubicación en estantería Fecha de adquisición Fuente de adquisición Total de préstamos Signatura topográfica completa Código de barras Visto por última vez Tipo de ítem Koha
    Clasificación decimal universal     Biblioteca del Ateneo de Madrid Biblioteca del Ateneo de Madrid Depósito J 06/02/2019 Donación   N-8279 101205293 08/05/2023 Libro impreso